| 000 | 00000nam##2200000za#4500 |
| 001 | 9.615840 |
| 003 | CaOODSP |
| 005 | 20210929082757 |
| 007 | ta |
| 008 | 150406|2001||||xxc||||| f|0| 0 eng|d |
| 020 | |a0-662-31412-3 |
| 022 | |a0830-0453 |
| 040 | |aCaOODSP|beng |
| 043 | |an-cn--- |
| 086 | 1 |aFo46-17/391E |
| 110 | 1 |aCanada. |bNatural Resources Canada. |bCanadian Forest Service. |
| 245 | 14|aThe effects of prescribed burning on mountain pine beetle in lodgepole pine / |cby Les Safranyik et al. |
| 260 | |aVictoria - British Columbia : |bNatural Resources Canada. |c2001. |
| 300 | |aiv, 8p. : |bgraphs, references, tables ; |c28 cm. |
| 490 | 1 |aInformation report. [BC-X series]|x0830-0453|vBC-X-391 |
| 563 | |aSoftcover |
| 590 | |a02-09|b2002-03-01 |
| 690 | 07|aForest fires|2gcpds |
| 690 | 07|aForest management|2gcpds |
| 720 | 1 |aSafranyik, Les |
| 776 | 0#|tThe effects of prescribed burning on mountain pine beetle in lodgepole pine / |w(CaOODSP)9.573074 |
| 830 | #0|aInformation report (Pacific Forestry Centre)|x0830-0453|vBC-X-391|w(CaOODSP)9.514663 |